| 000 | 00702nam a22002177a 4500 | ||
|---|---|---|---|
| 005 | 20230912144518.0 | ||
| 010 | _aENG-137930 | ||
| 020 | _c240.00 | ||
| 035 | _aEN-121462 | ||
| 037 | _bDBAD/PUB | ||
| 082 | _a658.1511 | ||
| 100 |
_aManimaran,S _956433 |
||
| 245 |
_aAccounting For Management/ _cBy S.Manimaran and R. Bhagyalakshmi |
||
| 250 | _aFirst Edition | ||
| 260 |
_aDindigul _bAyyanar Pathippagam _c202? |
||
| 270 |
_a41/20, Vivekanantha Nagar Extn. _bDindigul _e624001 |
||
| 300 |
_a260p. _c27cm(pbk) _b |
||
| 500 | _aFor First year MBA students, as per the latest syllabus of Anna University | ||
| 700 |
_aBhagyalakshmi, R _955761 |
||
| 942 |
_2ddc _cEN _h658.1511 _mMAN |
||
| 999 |
_c197751 _d197751 |
||